MARC

LEADER 00000nam0a2200000 4500
001 47820
005 20231031030535.0
010 |a 5160003010 
035 |a (RuTPU)RU\TPU\book\50006 
090 |a 47820 
100 |a 20030226d2002 m y0rusy50 ca 
101 0 |a rus 
102 |a RU 
105 |a a j 000zy 
200 1 |a Сборник задач по высшей математике для экономистов  |e учебное пособие  |f Российская экономическая академия им. Г. В. Плеханова; под ред. В. И. Ермакова 
210 |a Москва  |c Инфра-М  |d 2002 
215 |a 574 с.  |c ил. 
225 1 |a Высшее образование 
451 1 |0 (RuTPU)RU\TPU\book\114482  |y 5-16-002395-X  |t Сборник задач по высшей математике для экономистов  |o учебное пособие  |f Российская экономическая академия им. Г. В. Плеханова; под ред. В. И. Ермакова  |c М.  |n Инфра-М  |d 2005  |p 575 с.  |s Высшее образование 
610 1 |a математика 
610 1 |a аналитическая геометрия 
610 1 |a линейная алгебра 
610 1 |a теория вероятностей 
610 1 |a математическая статистика 
610 1 |a линейное программирование 
610 1 |a задачи 
610 1 |a типовые решения 
610 1 |a практические пособия 
610 1 |a учебные пособия 
675 |a 51(076)  |v 3 
702 1 |a Ермаков  |b В. И.  |4 340 
712 0 2 |a Российская экономическая академия им. Г. В. Плеханова  |2 stltpush  |3 (RuTPU)RU\TPU\col\18 
801 1 |a RU  |b 63413507  |c 20030226  |g PSBO 
801 2 |a RU  |b 63413507  |c 20070717  |g PSBO 
900 |a Высшая математика 
942 |c BK 
952 |a 521600  |b 080100